000
00302nam a2200145Ia 4500
100
_a
TTTI
490
_v
1
942
_c
BK
654
_a
Engineering
245
_a
Engineering experimentation course
260
_b
Somaiya pub.
_a
Bombay
_c
1981
082
_a
371.32
300
_a
83
546
_a
ENGLISH
999
_c
25687
_d
25687